| 000 | 01217nam a2200265 i 4500 | ||
|---|---|---|---|
| 001 | 189197 | ||
| 003 | SpMaBN | ||
| 005 | 20250905162525.0 | ||
| 008 | 190424s2017 sp a |||| | spa d | ||
| 020 | _a978-84-16968-09-1 | ||
| 080 | _a821.134.2-31"19" | ||
| 100 | 1 |
_aValle-Inclán, Ramón del, _d1866-1936 _9112796 |
|
| 245 | 1 | 0 |
_aSonatas _b: memorias del Marqués de Bradomín : primavera, estío, otoño, invierno / _cRamón del Valle-Inclán ; ilustraciones de Víctor López-Rúa ; edición y prólogo de Luis Alberto de Cuenca. |
| 250 |
_a1ª ed. en Reino de Cordelia _bbasada en la publ. por Ed. Rivadeneyra, Madrid, 1933. |
||
| 260 |
_aMadrid : _bReino de Cordelia, _c2017. |
||
| 300 |
_a325 p. : _bil. col. ; _c23 cm. |
||
| 490 | 1 |
_aReino de Cordelia ; _v83 |
|
| 505 | 8 |
_aContiene: ; _tSonata de otoño ; _tSonata de estío ; _tSonata de primavera ; _tSonata de invierno |
|
| 700 | 1 |
_aLópez-Rúa, Víctor, _d1971- _9166870 |
|
| 700 | 1 |
_aCuenca, Luis Alberto de, _d1950- _9240908 |
|
| 830 | 0 |
_aReino de Cordelia ; _v83 _9191205 |
|
| 852 |
_aES-MaACL _jA-14485 _9196335 _bR.151975 _cDEPO1 _dOlim: N-7485 _hDonacion: Editorial _x Encuadernación en cartoné. |
||
| 942 | _2udc | ||
| 999 |
_c189197 _d189197 |
||